Statistics for Top 30 2K Ratings for the Past 3 Years

Click here to take the quiz!

General Stats

  • This quiz has been taken 44 times
  • The average score is 22 of 30

Answer Stats

#Answer202220232024Total% Correct
4LeBron James969696288
100%
2Nikola Jokic959698289
95%
1Giannis Antetokounmpo969797290
93%
3Joel Embiid959698289
93%
5Kevin Durant969696288
93%
6Stephen Curry969695287
93%
16James Harden948987270
90%
8Kawhi Leonard959492281
90%
7Luka Doncic949597286
88%
21Paul George888889265
85%
12Devin Booker909194275
83%
9Jayson Tatum909394277
83%
10Anthony Davis939094277
80%
15Kyrie Irving918990270
80%
13Damian Lillard948992275
78%
11Jimmy Butler919393277
75%
18Shai Gilgeous-Alexander868795268
73%
22Jaylen Brown868789262
70%
25Karl-Anthony Towns878986262
70%
19Donovan Mitchell888892268
68%
23Bradley Beal898786262
63%
17Trae Young899090269
63%
14Ja Morant859393271
60%
24Chris Paul909082262
58%
29LaMelo Ball848788259
55%
20Zion Williamson898789265
55%
30DeMar DeRozan858985259
53%
26Bam Adebayo868788261
48%
27Rudy Gobert888885261
48%
28Domantas Sabonis868688260
43%

Score Distribution

Percentile by Number Answered

Percent of People with Each Score

Your Score History

You have not taken this quiz